NTC's compact English dictinonary

Bewaard in:
Bibliografische gegevens
Hoofdauteur: Spears, Richard A.
Formaat: Boek
Taal:Undetermined
Gepubliceerd in: Illinois NTC Publishing Group 2000
Onderwerpen:
Tags: Voeg label toe
Geen labels, Wees de eerste die dit record labelt!
Thư viện lưu trữ: Trung tâm Học liệu Trường Đại học Cần Thơ
LEADER 00504nam a2200193Ia 4500
001 CTU_94807
008 210402s9999 xx 000 0 und d
020 |c 110000 
082 |a 423 
082 |b S741 
100 |a Spears, Richard A. 
245 0 |a NTC's compact English dictinonary 
245 0 |c Richard A.Spears 
260 |a Illinois 
260 |b NTC Publishing Group 
260 |c 2000 
650 |a English language 
904 |i Năm 
980 |a Trung tâm Học liệu Trường Đại học Cần Thơ